Hello, Canada and hockey fans in the United States /

Bibliographic Details
Main Author: Hewitt, Foster, 1902-
Format: Book
Language:English
Published: Toronto : T. Allen, [1950]
Subjects:

MARC

Tag First Indicator Second Indicator Subfields
LEADER 00000cam a2200000 a 4500
001 in00000007975
005 20151002070108.0
008 830228s1950 onca j 00011 eng d
035 |a (OCoLC)09263896 
035 |9 AAA0319AM 
040 |a IND  |c IND  |d TXA  |d UtOrBLW 
050 4 |a PR6015.E85  |b H44 1950 
100 1 |a Hewitt, Foster,  |d 1902- 
245 1 0 |a Hello, Canada and hockey fans in the United States /  |c by Foster Hewitt. 
264 1 |a Toronto :  |b T. Allen,  |c [1950] 
264 4 |c ©1950 
300 |a 143 pages :  |b illustrations ;  |c 21 cm. 
336 |a text  |b txt  |2 rdacontent 
337 |a unmediated  |b n  |2 rdamedia 
338 |a volume  |b nc  |2 rdacarrier 
650 0 |a Hockey stories. 
999 |a MARS 
999 f f |s 5ce1e5f4-7ae2-3a73-a754-08e52c792e24  |i 265ed1b4-fc11-36f4-8ebf-4fd10150007d  |t 0 
952 f f |p ric  |a Texas A&M University  |b Rellis Campus  |c Joint Library Facility  |d Remote Storage  |t 0  |e PR6015.E85 H44 1950  |h Library of Congress classification  |i unmediated -- volume  |m A14812546190 
998 f f |a PR6015.E85 H44 1950  |t 0  |l Remote Storage